[Event "Pribina - TPK Cup   Mistrovství ÈR junio"]
[Site "Havlíèkùv Brod - hotel Slunce"]
[Date "2012.11.27"]
[Round "3.27"]
[White "Chromík, Tomáš"]
[Black "Stránská, Kamila"]
[Result "1-0"]
[WhiteElo "1889"]
[BlackElo "1627"]
[PlyCount "69"]
[EventDate "2012.11.25"]

1. e4 Nf6 2. e5 Nd5 3. c4 Nb6 4. d4 d6 5. exd6 exd6 6. h3 Nc6 7. Nf3 Be7 8. Nc3
Bf5 9. d5 Ne5 10. Nd4 Bg6 11. b3 h6 12. Be2 Bf6 13. O-O O-O 14. a4 a5 15. Be3
Ned7 16. Rc1 Re8 17. Ncb5 Nc5 18. Bh5 Bd3 19. Re1 Bh7 20. Re2 Bg5 21. Bxg5 Qxg5
22. Nxc7 Rxe2 23. Bxe2 Rc8 24. Ncb5 Ne4 25. Ra1 Qf6 26. Bf3 Ng5 27. Ra2 Nd7 28.
Bg4 Rd8 29. Bxd7 Rxd7 30. Re2 Bg6 31. Qe1 Bh5 32. Re8+ Kh7 33. h4 Nh3+ 34. gxh3
Qxh4 35. Qe4+ 1-0

[Event "Pribina - TPK Cup   Mistrovství ÈR junio"]
[Site "Havlíèkùv Brod - hotel Slunce"]
[Date "2012.11.27"]
[Round "3.28"]
[White "Suchomel, Jan"]
[Black "Navrátil, Marek"]
[Result "0-1"]
[WhiteElo "1435"]
[BlackElo "1861"]
[PlyCount "44"]
[EventDate "2012.11.25"]

1. e4 c5 2. Nf3 g6 3. d4 cxd4 4. Nxd4 Bg7 5. Be3 Nc6 6. Nc3 Nf6 7. Be2 O-O 8.
Qd2 d6 9. f3 Nxd4 10. Bxd4 Be6 11. O-O-O Qa5 12. a3 Rab8 13. g4 b5 14. h4 b4
15. Nb1 Qa4 16. h5 bxa3 17. Nxa3 Ba2 18. Qe3 Rfc8 19. Rd2 Rb3 20. c3 e5 21.
Bxe5 dxe5 22. Bc4 Rxa3 0-1

[Event "Pribina - TPK Cup   Mistrovství ÈR junio"]
[Site "Havlíèkùv Brod - hotel Slunce"]
[Date "2012.11.27"]
[Round "3.31"]
[White "Maøíková, Jana"]
[Black "Nosek, Jan"]
[Result "1-0"]
[WhiteElo "2002"]
[BlackElo "1706"]
[PlyCount "87"]
[EventDate "2012.11.25"]

1. d4 d5 2. c4 e6 3. Nc3 Nf6 4. Bg5 Be7 5. e3 Nbd7 6. Nf3 c6 7. Qc2 O-O 8.
O-O-O dxc4 9. Bxc4 Nd5 10. h4 Nb4 11. Qe2 a5 12. g4 b5 13. Bd3 Nxd3+ 14. Qxd3
f6 15. Bf4 Nb6 16. g5 b4 17. Ne4 Ba6 18. Qc2 Qd5 19. gxf6 Qxa2 20. fxe7 Rxf4
21. exf4 b3 22. Qb1 Qa4 23. Nc3 Qb4 24. Ng5 g6 25. Qe4 Qxe7 26. Qxe6+ Qxe6 27.
Nxe6 Bc4 28. Nc5 Rf8 29. h5 Rxf4 30. Rh2 gxh5 31. N3e4 Bd5 32. Re1 Nc4 33. Rxh5
Bf7 34. Rg5+ Bg6 35. Nxb3 Kf7 36. Nbc5 h6 37. Rg3 a4 38. Rc3 Nb6 39. Nd6+ Kg8
40. Nce4 Nd5 41. Rxc6 Nb4 42. Rc8+ Kg7 43. Re2 Rf8 44. Re3 1-0

[Event "Pribina - TPK Cup   Mistrovství ÈR junio"]
[Site "Havlíèkùv Brod - hotel Slunce"]
[Date "2012.11.27"]
[Round "3.32"]
[White "Zemková, Klára"]
[Black "Šroubová, Lenka"]
[Result "0-1"]
[WhiteElo "1702"]
[BlackElo "1790"]
[PlyCount "60"]
[EventDate "2012.11.25"]

1. e4 Nf6 2. e5 Nd5 3. c4 Nb6 4. d4 d6 5. exd6 cxd6 6. Nf3 g6 7. Nc3 Bg7 8. Be3
O-O 9. Qd2 Bg4 10. O-O-O Nc6 11. h3 Bxf3 12. gxf3 d5 13. c5 Nc8 14. h4 h5 15.
Rg1 e6 16. Bh6 Bxd4 17. Bd3 N8e7 18. Qg5 Bg7 19. Bxg7 Kxg7 20. Qxh5 Rh8 21. Qg5
Ng8 22. Qg2 Qf6 23. Kb1 Nge7 24. Rh1 Rh5 25. Ne2 Rah8 26. Ng3 Rxh4 27. Rxh4
Rxh4 28. Rh1 Rxh1+ 29. Nxh1 Ne5 30. Be2 Qf5+ 0-1

[Event "Pribina - TPK Cup   Mistrovství ÈR junio"]
[Site "Havlíèkùv Brod - hotel Slunce"]
[Date "2012.11.27"]
[Round "3.34"]
[White "Steinhauser, Václav"]
[Black "Jurèa, Marek"]
[Result "1/2-1/2"]
[WhiteElo "1534"]
[BlackElo "1893"]
[PlyCount "122"]
[EventDate "2012.11.25"]

1. d4 Nf6 2. Nf3 g6 3. Bf4 Bg7 4. e3 O-O 5. Bd3 d6 6. h3 Nbd7 7. O-O Re8 8. e4
e5 9. dxe5 dxe5 10. Be3 Qe7 11. Nc3 Nc5 12. Qe2 Nxd3 13. cxd3 b6 14. Rac1 Ba6
15. Bg5 c6 16. Rfd1 Qd6 17. Rd2 h6 18. Be3 Rad8 19. Ne1 Rd7 20. Qd1 c5 21. Qa4
Bc8 22. Qa3 Red8 23. Rcd1 a5 24. Qb3 Qc6 25. Qb5 Bb7 26. Qxc6 Bxc6 27. f3 Nh5
28. Nc2 Nf4 29. Ne1 Ne6 30. Rc1 Bf8 31. b3 b5 32. Nd1 f6 33. Nb2 Kf7 34. Kf2 f5
35. Ke2 Nd4+ 36. Kf1 Ne6 37. Ke2 Kf6 38. h4 f4 39. Bf2 g5 40. hxg5+ hxg5 41.
Nc2 Bb7 42. Na3 Ba6 43. Nb1 Rh7 44. Nc3 Nd4+ 45. Bxd4 exd4 46. Nd5+ Ke5 47. a4
Bb7 48. Nb6 Rh6 49. axb5 Be7 50. N2c4+ Ke6 51. Nxa5 Ba8 52. Nbc4 Rb8 53. Na3 g4
54. Rdd1 Rh2 55. Rg1 gxf3+ 56. Kxf3 Rg8 57. Rcd1 Rg3+ 58. Kf2 Bh4 59. Kf1 Rf3+
60. gxf3 Rf2+ 61. Ke1 Rg2+ 1/2-1/2

[Event "Pribina - TPK Cup   Mistrovství ÈR junio"]
[Site "Havlíèkùv Brod - hotel Slunce"]
[Date "2012.11.27"]
[Round "3.35"]
[White "Žitná, Aneta"]
[Black "Sabolová, Kristýna"]
[Result "0-1"]
[WhiteElo "1548"]
[BlackElo "1883"]
[PlyCount "60"]
[EventDate "2012.11.25"]

1. e4 c6 2. d4 d5 3. exd5 cxd5 4. Nf3 Nc6 5. Bf4 Nf6 6. Nc3 a6 7. h3 Bf5 8. Bd3
Bg6 9. Bxg6 hxg6 10. O-O e6 11. Be5 Bd6 12. Re1 Qc7 13. Bxd6 Qxd6 14. Re3 Rh5
15. Qe1 O-O-O 16. Ne2 Ne4 17. Nd2 Nxd2 18. Qxd2 Rdh8 19. Rc1 g5 20. Rg3 f6 21.
b3 Rh4 22. a4 g4 23. Nf4 gxh3 24. Nxh3 Rxd4 25. Qe3 g5 26. Kf1 Qe5 27. Qf3 Rf4
28. Qd3 g4 29. Ng1 Rxf2+ 30. Kxf2 Qf4+ 0-1

[Event "Pribina - TPK Cup   Mistrovství ÈR junio"]
[Site "Havlíèkùv Brod - hotel Slunce"]
[Date "2012.11.27"]
[Round "3.36"]
[White "Rojíková, Lenka"]
[Black "Kovaøík, Matyáš"]
[Result "1/2-1/2"]
[WhiteElo "1866"]
[BlackElo "1539"]
[PlyCount "82"]
[EventDate "2012.11.25"]

1. e4 e6 2. d4 d5 3. Nc3 dxe4 4. Nxe4 Nd7 5. Nf3 Ngf6 6. Bd3 Nxe4 7. Bxe4 Nf6
8. Bd3 h6 9. O-O Bd6 10. c3 c5 11. dxc5 Bxc5 12. Bf4 O-O 13. Qe2 Bd7 14. Ne5
Nd5 15. Bg3 f5 16. Rad1 g5 17. Nxd7 Qxd7 18. c4 f4 19. cxd5 fxg3 20. dxe6 gxf2+
21. Kh1 Qg7 22. Bc4 Kh8 23. Rd7 Qf6 24. Qc2 Qf5 25. Bd3 Qe5 26. Qc4 Rf4 27. Qb3
Rb4 28. Qd5 Qxd5 29. Rxd5 Rd4 30. Rxc5 Rxd3 31. Rc7 Re3 32. g3 Rxe6 33. Rxf2
Rb6 34. b3 Rd8 35. Kg2 Kg8 36. Rcf7 Rd3 37. Kh3 Rd4 38. Re7 Rdb4 39. Rff7 Ra6
40. Rf2 Rd6 41. Kg2 Rc6 1/2-1/2

[Event "Pribina - TPK Cup   Mistrovství ÈR junio"]
[Site "Havlíèkùv Brod - hotel Slunce"]
[Date "2012.11.27"]
[Round "3.37"]
[White "Zlámaná, Anna"]
[Black "Suchomelová, Simona"]
[Result "1/2-1/2"]
[WhiteElo "1484"]
[BlackElo "1757"]
[PlyCount "74"]
[EventDate "2012.11.25"]

1. e4 c5 2. Nf3 Nc6 3. d4 cxd4 4. Nxd4 d6 5. Nc3 a6 6. Be2 Nf6 7. Be3 e6 8. O-O
Be7 9. Qd2 O-O 10. f4 Bd7 11. Bf3 Rc8 12. Rad1 b5 13. a3 Na5 14. b3 Qc7 15.
Nde2 Rfd8 16. Qd4 Qc5 17. Qxc5 dxc5 18. e5 Ne8 19. Ne4 Bc6 20. Rxd8 Rxd8 21.
Nxc5 Bxf3 22. gxf3 Rc8 23. b4 Nc4 24. Bd4 Nxa3 25. c3 a5 26. Ra1 axb4 27. cxb4
Nc2 28. Ra5 Nc7 29. Bc3 Ne3 30. Nd4 Nc4 31. Ra7 h6 32. Rb7 Bxc5 33. bxc5 Nd5
34. Nxb5 Nxc3 35. Nxc3 Rxc5 36. Ne4 Rd5 37. Kf2 Kf8 1/2-1/2

[Event "Pribina - TPK Cup   Mistrovství ÈR junio"]
[Site "Havlíèkùv Brod - hotel Slunce"]
[Date "2012.11.27"]
[Round "3.38"]
[White "Macková, Veronika"]
[Black "Tobišková, Petra"]
[Result "1-0"]
[WhiteElo "1724"]
[BlackElo "1515"]
[PlyCount "31"]
[EventDate "2012.11.25"]

1. d4 Nf6 2. Nf3 d5 3. c4 e6 4. Nc3 c6 5. cxd5 exd5 6. Qc2 Bd6 7. Bg5 Be6 8. e3
Nbd7 9. Bd3 h6 10. Bh4 Qc7 11. Nd2 Rc8 12. Bg3 c5 13. Nb5 Qb6 14. Nxd6+ Kd8 15.
Nxc8 Kxc8 16. dxc5 1-0

[Event "Pribina - TPK Cup   Mistrovství ÈR junio"]
[Site "Havlíèkùv Brod - hotel Slunce"]
[Date "2012.11.27"]
[Round "3.39"]
[White "Skoøepa, Jakub"]
[Black "Kubitová, Alžbìta"]
[Result "1-0"]
[WhiteElo "1702"]
[BlackElo "1422"]
[PlyCount "29"]
[EventDate "2012.11.25"]

1. e4 c5 2. Nf3 Nc6 3. d4 cxd4 4. Nxd4 Nf6 5. Nc3 e5 6. Ndb5 d6 7. Nd5 Nxd5 8.
exd5 Ne7 9. c4 a6 10. Qa4 axb5 11. Qxa8 Qc7 12. Be3 b4 13. Qa4+ Bd7 14. Qxb4
Nf5 15. Bb6 1-0

[Event "Pribina - TPK Cup   Mistrovství ÈR junio"]
[Site "Havlíèkùv Brod - hotel Slunce"]
[Date "2012.11.27"]
[Round "3.40"]
[White "Babièka, Michal"]
[Black "Valterová, Veronika"]
[Result "1-0"]
[WhiteElo "1700"]
[BlackElo "1339"]
[PlyCount "57"]
[EventDate "2012.11.25"]

1. c4 Nf6 2. Nc3 e6 3. g3 d5 4. cxd5 exd5 5. d4 Bb4 6. e3 Ne4 7. Nge2 Bg4 8.
Bd2 Bxc3 9. Bxc3 Qf6 10. f4 Bf3 11. Rg1 Qh6 12. h3 Nd7 13. Qc2 Ndf6 14. Bb4 c5
15. Qa4+ Ke7 16. dxc5 a5 17. Ba3 Rhd8 18. Nd4 Qh5 19. c6+ Nd6 20. cxb7 Rab8 21.
Nc6+ Ke6 22. Nxd8+ Rxd8 23. Bxd6 Kxd6 24. Rc1 Nd7 25. Rc8 Ke7 26. Rxd8 Kxd8 27.
Qxa5+ Ke7 28. Qc7 d4 29. b8=Q 1-0

[Event "Pribina - TPK Cup   Mistrovství ÈR junio"]
[Site "Havlíèkùv Brod - hotel Slunce"]
[Date "2012.11.29"]
[Round "6.1"]
[White "Baláèek, Tadeáš"]
[Black "Kraus, Tomáš"]
[Result "1/2-1/2"]
[WhiteElo "2216"]
[BlackElo "2290"]
[PlyCount "29"]
[EventDate "2012.11.25"]

1. d4 d5 2. c4 dxc4 3. e3 Nf6 4. Bxc4 e6 5. Nf3 a6 6. a4 c5 7. O-O Nc6 8. Qe2
cxd4 9. Rd1 Be7 10. exd4 O-O 11. Nc3 Nd5 12. Qe4 Nf6 13. Qe2 Nd5 14. Qe4 Nf6
15. Qe2 1/2-1/2

[Event "Pribina - TPK Cup   Mistrovství ÈR junio"]
[Site "Havlíèkùv Brod - hotel Slunce"]
[Date "2012.11.29"]
[Round "6.2"]
[White "Èáp, Adam"]
[Black "Rubeš, Jan"]
[Result "0-1"]
[WhiteElo "2028"]
[BlackElo "2130"]
[PlyCount "84"]
[EventDate "2012.11.25"]

1. e4 e6 2. d4 d5 3. exd5 exd5 4. Bd3 Bd6 5. Ne2 Bg4 6. Be3 Nc6 7. a3 Nce7 8.
Nbc3 c6 9. Qd2 Bf5 10. Bf4 Nf6 11. O-O O-O 12. Rfe1 Bxd3 13. Qxd3 Ng6 14. Bxd6
Qxd6 15. Qg3 Qd8 16. Nf4 Qb6 17. Nxg6 hxg6 18. Qd3 Rfe8 19. b3 Qc7 20. Qg3 Qd7
21. Re5 Rxe5 22. dxe5 Ne8 23. Re1 Nc7 24. Ne2 Re8 25. Nf4 Qd6 26. Qg5 Qxa3 27.
h4 Qe7 28. Qg4 Qb4 29. Re3 Ne6 30. g3 a5 31. Qf3 Nd4 32. Qd1 Nf5 33. Re1 Qd4
34. Qa1 Nxh4 35. gxh4 Qxf4 36. Qxa5 Qg4+ 37. Kf1 Qxh4 38. Qc7 Qe7 39. Qb6 Qd7
40. Qd4 Qf5 41. c3 f6 42. exf6 Qh3+ 0-1

[Event "Pribina - TPK Cup   Mistrovství ÈR junio"]
[Site "Havlíèkùv Brod - hotel Slunce"]
[Date "2012.11.29"]
[Round "6.3"]
[White "Stárek, Stanislav"]
[Black "Haman, Jakub"]
[Result "1/2-1/2"]
[WhiteElo "2013"]
[BlackElo "2129"]
[PlyCount "53"]
[EventDate "2012.11.25"]

1. d4 d5 2. c4 c6 3. Nc3 Nf6 4. Nf3 e6 5. cxd5 exd5 6. Bg5 Be7 7. e3 O-O 8. Bd3
h6 9. Bf4 Nbd7 10. Qc2 Re8 11. O-O Nh5 12. Nxd5 Nxf4 13. Nxe7+ Qxe7 14. exf4
Qf6 15. Rae1 Rf8 16. g3 Nb6 17. Re5 Bg4 18. Nd2 Nd7 19. Re4 Rad8 20. Nb3 Qd6
21. Rfe1 Kh8 22. R4e3 Qf6 23. Be2 Bf5 24. Bd3 Be6 25. Bc4 Bf5 26. Qe2 Bg6 27.
Re5 1/2-1/2

[Event "Pribina - TPK Cup   Mistrovství ÈR junio"]
[Site "Havlíèkùv Brod - hotel Slunce"]
[Date "2012.11.29"]
[Round "6.4"]
[White "Výprachtický, David"]
[Black "Krejèí, Martin"]
[Result "1-0"]
[WhiteElo "2092"]
[BlackElo "1934"]
[PlyCount "75"]
[EventDate "2012.11.25"]

1. e4 c5 2. Nf3 d6 3. c3 Nf6 4. Bc4 e6 5. d3 Be7 6. Nbd2 Nc6 7. Bb3 Bd7 8. O-O
O-O 9. Re1 b5 10. Nf1 Qc7 11. h3 Na5 12. Bc2 e5 13. Bg5 Nc6 14. Ng3 h6 15. Bc1
d5 16. Nh2 dxe4 17. dxe4 Rad8 18. Qf3 b4 19. Ng4 Nxg4 20. hxg4 Qc8 21. Nf5 Bxf5
22. gxf5 Qc7 23. Qg4 Kh8 24. g3 Bf6 25. Kg2 Ne7 26. Rh1 Ng8 27. Be3 bxc3 28.
bxc3 Qa5 29. Rh5 Qxc3 30. Rah1 Kh7 31. Bb1 Qc4 32. Qh3 Rfe8 33. Bxh6 gxh6 34.
Rxh6+ Kg7 35. Rxf6 Kxf6 36. Qh4+ Kg7 37. Qg5+ Kf8 38. Rh8 1-0

[Event "Pribina - TPK Cup   Mistrovství ÈR junio"]
[Site "Havlíèkùv Brod - hotel Slunce"]
[Date "2012.11.29"]
[Round "6.5"]
[White "Straka, Vojtìch"]
[Black "Kozel, Jiøí"]
[Result "1/2-1/2"]
[WhiteElo "2285"]
[BlackElo "2051"]
[PlyCount "41"]
[EventDate "2012.11.25"]

1. d4 Nf6 2. c4 g6 3. Nc3 Bg7 4. e4 d6 5. f3 O-O 6. Bg5 c6 7. Qd2 a6 8. Bd3 b5
9. Nge2 Nbd7 10. O-O Qb6 11. Kh1 Bb7 12. f4 bxc4 13. Bxc4 d5 14. exd5 cxd5 15.
Bb3 e6 16. Na4 Qa7 17. Bxf6 Bxf6 18. Rfc1 Rac8 19. Bc2 Bc6 20. b4 Bb5 21. Nac3
1/2-1/2

[Event "Pribina - TPK Cup   Mistrovství ÈR junio"]
[Site "Havlíèkùv Brod - hotel Slunce"]
[Date "2012.11.29"]
[Round "6.6"]
[White "Macháò, Jan"]
[Black "Janèaøík, Joel"]
[Result "1-0"]
[WhiteElo "2078"]
[BlackElo "2242"]
[PlyCount "47"]
[EventDate "2012.11.25"]

1. d4 Nf6 2. c4 g6 3. Nc3 d5 4. Nf3 Bg7 5. Bg5 Ne4 6. cxd5 Nxg5 7. Nxg5 e6 8.
Qa4+ Bd7 9. Qb3 Qxg5 10. Qxb7 Bxd4 11. Qxa8 O-O 12. e3 Bb6 13. Qb7 Qg4 14. Rd1
Re8 15. h3 Qh4 16. g3 Qb4 17. Rd2 Qf8 18. Bb5 Bxb5 19. Nxb5 exd5 20. O-O Qb4
21. Nxc7 Rxe3 22. Qxb8+ Kg7 23. Nxd5 Qxd2 24. Nxe3 1-0

[Event "Pribina - TPK Cup   Mistrovství ÈR junio"]
[Site "Havlíèkùv Brod - hotel Slunce"]
[Date "2012.11.29"]
[Round "6.7"]
[White "Dobeš, Vojtìch"]
[Black "Seidl, Štìpán"]
[Result "1/2-1/2"]
[WhiteElo "2055"]
[BlackElo "2185"]
[PlyCount "44"]
[EventDate "2012.11.25"]

1. e4 c5 2. Nf3 Nc6 3. d4 cxd4 4. Nxd4 g6 5. Nc3 Bg7 6. Be3 Nf6 7. Bc4 O-O 8.
Bb3 a5 9. O-O a4 10. Nxa4 Nxe4 11. Re1 d5 12. Nb5 d4 13. Bf4 Nd6 14. Bxd6 exd6
15. c3 Bd7 16. Nxd6 Na5 17. Ne4 Nxb3 18. axb3 dxc3 19. bxc3 Bxa4 20. Rxa4 Rxa4
21. bxa4 Qxd1 22. Rxd1 Ra8 1/2-1/2

[Event "Pribina - TPK Cup   Mistrovství ÈR junio"]
[Site "Havlíèkùv Brod - hotel Slunce"]
[Date "2012.11.29"]
[Round "6.8"]
[White "Malý, Marek"]
[Black "Pùlpán, Jakub"]
[Result "1/2-1/2"]
[WhiteElo "2143"]
[BlackElo "2099"]
[PlyCount "50"]
[EventDate "2012.11.25"]

1. d4 Nf6 2. c4 e6 3. Nc3 d5 4. Bg5 Be7 5. e3 Ne4 6. Bxe7 Qxe7 7. cxd5 Nxc3 8.
bxc3 exd5 9. Qb3 c6 10. Nf3 Nd7 11. Bd3 O-O 12. O-O Nf6 13. Rab1 Ne4 14. c4
dxc4 15. Bxc4 b5 16. Bd3 Bb7 17. Qc2 Nf6 18. Rfc1 a6 19. Ne5 Rac8 20. Bf5 Rc7
21. Qc5 Qd8 22. a4 g6 23. Bh3 Nd5 24. g3 b4 25. a5 Nc3 1/2-1/2

[Event "Pribina - TPK Cup   Mistrovství ÈR junio"]
[Site "Havlíèkùv Brod - hotel Slunce"]
[Date "2012.11.29"]
[Round "6.9"]
[White "Gabriel, Adam"]
[Black "Hrdina, Robin"]
[Result "1-0"]
[WhiteElo "2129"]
[BlackElo "2007"]
[PlyCount "103"]
[EventDate "2012.11.25"]

1. g3 Nf6 2. Bg2 g6 3. Nf3 Bg7 4. O-O O-O 5. c4 c5 6. Nc3 Nc6 7. d4 cxd4 8.
Nxd4 a6 9. e4 Qc7 10. Nde2 d6 11. b3 Rb8 12. a4 Ne5 13. Bg5 Ned7 14. Qd2 Re8
15. Rfc1 Qa5 16. Rab1 Qb4 17. Nf4 h6 18. Nd3 Qb6 19. Bxh6 Bxh6 20. Qxh6 Nc5 21.
Nxc5 Qxc5 22. Qd2 Be6 23. Nd5 Bxd5 24. exd5 a5 25. Re1 b6 26. h4 Kg7 27. Bh3
Rb7 28. Kg2 Rh8 29. Re3 Rh5 30. Rbe1 Kf8 31. Qe2 Ng8 32. Bg4 Rh7 33. f4 f5 34.
Bf3 Nf6 35. Re6 Qd4 36. Rh1 Qc3 37. Re3 Qd4 38. Rd3 Qc5 39. Qe6 Qc7 40. h5 gxh5
41. Qxf5 Qd7 42. Be4 Qxf5 43. Bxf5 Rg7 44. Kf3 Ke8 45. b4 Rc7 46. bxa5 bxa5 47.
Rb3 Rxc4 48. Be6 Nd7 49. Rxh5 Kd8 50. Rh8+ Kc7 51. Bxd7 Kxd7 52. Ra8 1-0

[Event "Pribina - TPK Cup   Mistrovství ÈR junio"]
[Site "Havlíèkùv Brod - hotel Slunce"]
[Date "2012.11.29"]
[Round "6.10"]
[White "Stachoò, Martin"]
[Black "Hošek, Martin"]
[Result "1/2-1/2"]
[WhiteElo "2127"]
[BlackElo "2027"]
[PlyCount "45"]
[EventDate "2012.11.25"]

1. e4 Nf6 2. e5 Nd5 3. d4 d6 4. c4 Nb6 5. exd6 cxd6 6. Nc3 g6 7. Be3 Bg7 8. Rc1
Nc6 9. b3 O-O 10. d5 Ne5 11. Be2 Ned7 12. f4 Nf6 13. Bf3 Re8 14. Nge2 Bg4 15.
O-O Nbd7 16. Nd4 Bxf3 17. Nxf3 Rc8 18. Kh1 Nc5 19. Nd4 a6 20. Bg1 e5 21. dxe6
fxe6 22. Nde2 d5 23. cxd5 1/2-1/2

[Event "Pribina - TPK Cup   Mistrovství ÈR junio"]
[Site "Havlíèkùv Brod - hotel Slunce"]
[Date "2012.11.29"]
[Round "6.11"]
[White "Ptáèek, Tomáš"]
[Black "Toman, Ondøej"]
[Result "1-0"]
[WhiteElo "2007"]
[BlackElo "2101"]
[PlyCount "131"]
[EventDate "2012.11.25"]

1. d4 d5 2. Nf3 Nf6 3. c4 c6 4. Nc3 e6 5. cxd5 exd5 6. Bg5 Be7 7. Qc2 O-O 8. e3
Qb6 9. Bd3 h6 10. Bh4 Re8 11. O-O Be6 12. Rab1 Na6 13. a3 Rac8 14. b4 Nb8 15.
Rfc1 Nbd7 16. Na4 Qc7 17. Bg3 Bd6 18. Nc5 Bxg3 19. hxg3 Nxc5 20. bxc5 Ne4 21.
Bxe4 dxe4 22. Ne5 Re7 23. Rb2 Bd5 24. Rcb1 Rb8 25. a4 h5 26. Qe2 g6 27. g4 hxg4
28. Qxg4 Kg7 29. Qg5 Rh8 30. Ng4 Rh5 31. Qf6+ Kg8 32. Qd6 Kg7 33. Qxc7 Rxc7 34.
Rxb7 Rxb7 35. Rxb7 Rh8 36. Rxa7 Rb8 37. a5 Rb1+ 38. Kh2 Ra1 39. Ne5 Ra2 40. Kg3
Kf6 41. a6 Kg5 42. Nxf7+ Bxf7 43. Rxf7 Rxa6 44. Rf4 Ra8 45. Rxe4 Rc8 46. Re6
Kf5 47. Rd6 Rc7 48. f3 Kg5 49. e4 Rc8 50. Kf2 Kh6 51. Ke3 Kg7 52. Kf4 Kf7 53.
Kg5 Ke7 54. g4 Kf7 55. Rxg6 Ke7 56. Rd6 Kf7 57. f4 Ke7 58. f5 Kf7 59. Kf4 Ke7
60. e5 Ra8 61. f6+ Kf7 62. Kf5 Ra7 63. e6+ Kg8 64. g5 Kh7 65. Rd8 Rf7 66. g6+
1-0

[Event "Pribina - TPK Cup   Mistrovství ÈR junio"]
[Site "Havlíèkùv Brod - hotel Slunce"]
[Date "2012.11.29"]
[Round "6.12"]
[White "Pýcha, Patrik"]
[Black "Braun, Marek"]
[Result "0-1"]
[WhiteElo "1946"]
[BlackElo "2232"]
[PlyCount "76"]
[EventDate "2012.11.25"]

1. e4 c5 2. Nf3 e6 3. d4 cxd4 4. Nxd4 a6 5. g3 Qc7 6. Bg2 Nc6 7. Nc3 b5 8. O-O
Bb7 9. Nxc6 Qxc6 10. Be3 Nf6 11. f3 Bc5 12. Bxc5 Qxc5+ 13. Kh1 Rc8 14. Rc1 O-O
15. Ne2 e5 16. Qd3 d5 17. Nc3 dxe4 18. Nxe4 Bxe4 19. fxe4 Rfd8 20. Qe2 Qc4 21.
Qxc4 Rxc4 22. c3 Kf8 23. Kg1 Rd2 24. b3 Rc7 25. Rf2 Rcd7 26. Rc2 Rd1+ 27. Rf1
Ng4 28. Re2 R7d2 29. Rxd2 Rxd2 30. Bh3 Ne3 31. Rf2 Rxf2 32. Kxf2 Nd1+ 33. Ke1
Nxc3 34. a3 Ke7 35. b4 Kd6 36. Bg4 Kc6 37. Kd2 Nb1+ 38. Kc2 Nxa3+ 0-1

[Event "Pribina - TPK Cup   Mistrovství ÈR junio"]
[Site "Havlíèkùv Brod - hotel Slunce"]
[Date "2012.11.29"]
[Round "6.13"]
[White "Rabatin, Jakub"]
[Black "Walek, Petr"]
[Result "1/2-1/2"]
[WhiteElo "2209"]
[BlackElo "1969"]
[PlyCount "105"]
[EventDate "2012.11.25"]

1. e4 e5 2. Nf3 Nf6 3. d4 Nxe4 4. Bd3 d5 5. dxe5 Nc5 6. Be2 Be7 7. O-O Nc6 8.
Nc3 d4 9. Nb5 Ne6 10. c3 dxc3 11. Qxd8+ Bxd8 12. Nxc3 Bd7 13. Be3 Be7 14. Nd5
Nb4 15. Nxe7 Kxe7 16. Nd4 Nxd4 17. Bxd4 b6 18. Bc3 Nd5 19. Bd2 h6 20. b4 c6 21.
Rfc1 Rac8 22. a4 c5 23. bxc5 Rxc5 24. Rxc5 bxc5 25. Rc1 Rc8 26. Ba6 Rc7 27. a5
Be6 28. f4 g6 29. Kf2 Rc6 30. Bb5 Rc8 31. Ba6 Rc6 32. Bb7 Rc7 33. a6 c4 34. Be3
Nb4 35. Rb1 Nd3+ 36. Ke2 Nc5 37. Rb5 Na4 38. Kd2 c3+ 39. Kc1 Nb2 40. Be4 Bf5
41. Rb7 Kd7 42. Bxf5+ gxf5 43. Bb6 Nd3+ 44. Kc2 Nb4+ 45. Kb3 axb6 46. a7 c2 47.
a8=Q c1=Q 48. Rxc7+ Qxc7 49. Kxb4 Qc5+ 50. Kb3 b5 51. Qb7+ Ke6 52. Qa6+ Kd5 53.
Qb7+ 1/2-1/2

[Event "Pribina - TPK Cup   Mistrovství ÈR junio"]
[Site "Havlíèkùv Brod - hotel Slunce"]
[Date "2012.11.29"]
[Round "6.14"]
[White "Šlampa, Jan"]
[Black "Alfimov, Igor"]
[Result "1-0"]
[WhiteElo "2024"]
[BlackElo "1961"]
[PlyCount "89"]
[EventDate "2012.11.25"]

1. e4 e5 2. Nf3 Nc6 3. Bb5 a6 4. Ba4 d6 5. h3 Bd7 6. O-O g6 7. c3 Bg7 8. Re1
Nge7 9. d3 h6 10. Nbd2 O-O 11. Nf1 Kh7 12. N3h2 f5 13. exf5 Nxf5 14. Ne3 b5 15.
Bc2 Nce7 16. Nxf5 Nxf5 17. g4 Nh4 18. d4 Qf6 19. Be3 Nf3+ 20. Nxf3 Qxf3 21.
Qxf3 Rxf3 22. Be4 Rxe3 23. fxe3 c6 24. Bg2 Rb8 25. a3 a5 26. Rf1 Kg8 27. Be4
Be8 28. Rfe1 d5 29. Bg2 e4 30. b3 Kf7 31. c4 bxc4 32. bxc4 Rb3 33. cxd5 cxd5
34. Rab1 Rxe3 35. Rb7+ Kg8 36. Re7 Kf8 37. Ra7 Rxa3 38. Rf1+ Kg8 39. Ra8 Bxd4+
40. Kh1 Kg7 41. Rxe8 Rd3 42. Re7+ Kg8 43. Rb1 Kf8 44. Rc7 Be5 45. Rb8# 1-0

[Event "Pribina - TPK Cup   Mistrovství ÈR junio"]
[Site "Havlíèkùv Brod - hotel Slunce"]
[Date "2012.11.29"]
[Round "6.15"]
[White "Krátký, Josef"]
[Black "Svoboda, Matìj"]
[Result "1/2-1/2"]
[WhiteElo "1977"]
[BlackElo "1955"]
[PlyCount "51"]
[EventDate "2012.11.25"]

1. d4 d5 2. Nf3 Nf6 3. Bf4 e6 4. e3 Be7 5. Bd3 O-O 6. Nbd2 Nbd7 7. c3 c5 8. O-O
b6 9. Ne5 Bb7 10. h3 h6 11. Ndf3 Rc8 12. Rc1 Nxe5 13. Nxe5 Bd6 14. Bb1 Qc7 15.
Qd3 Rfd8 16. Qe2 Nd7 17. Qh5 Nxe5 18. dxe5 Bf8 19. Qg4 Kh8 20. Rfe1 Qe7 21. h4
g6 22. Bg3 Bg7 23. h5 g5 24. f4 f5 25. exf6 Bxf6 26. e4 1/2-1/2

[Event "Pribina - TPK Cup   Mistrovství ÈR junio"]
[Site "Havlíèkùv Brod - hotel Slunce"]
[Date "2012.11.29"]
[Round "6.17"]
[White "Marek, Matyáš"]
[Black "Richterová, Nataša"]
[Result "1/2-1/2"]
[WhiteElo "1973"]
[BlackElo "1945"]
[PlyCount "39"]
[EventDate "2012.11.25"]

1. Nf3 Nf6 2. c4 c5 3. Nc3 e6 4. g3 Be7 5. Bg2 Nc6 6. O-O O-O 7. e4 e5 8. d3 d6
9. h3 Be6 10. Be3 h6 11. Nd5 Nd4 12. Nxf6+ Bxf6 13. Nxd4 exd4 14. Bd2 Be7 15.
Qe2 Qd7 16. Kh2 Rae8 17. f4 f5 18. exf5 Bxf5 19. Qf3 h5 20. Rae1 1/2-1/2

[Event "Pribina - TPK Cup   Mistrovství ÈR junio"]
[Site "Havlíèkùv Brod - hotel Slunce"]
[Date "2012.11.29"]
[Round "6.18"]
[White "Rùžièka, Václav"]
[Black "Rojíková, Lenka"]
[Result "0-1"]
[WhiteElo "2072"]
[BlackElo "1866"]
[PlyCount "94"]
[EventDate "2012.11.25"]

1. c4 Nf6 2. Nc3 d5 3. d4 g6 4. cxd5 Nxd5 5. e4 Nxc3 6. bxc3 Bg7 7. Be3 c5 8.
Nf3 Qa5 9. Qd2 Nc6 10. Rb1 a6 11. Bc4 O-O 12. Ke2 b5 13. Bd5 Bb7 14. Rhd1 Rfd8
15. a4 e6 16. Bb3 Qc7 17. Kf1 Na5 18. Bf4 Nxb3 19. Rxb3 Qa5 20. axb5 axb5 21.
Qe3 Bc6 22. Rdb1 cxd4 23. cxd4 Qa7 24. Ne5 Be8 25. Rd3 Rac8 26. Rbd1 b4 27. Kg1
Rc2 28. Ng4 h5 29. Ne5 Qa2 30. g4 Re2 31. Qf3 f6 32. Nc4 hxg4 33. Qxg4 Rxe4 34.
Nd6 Rxd6 35. Qf3 Rxf4 36. Qxf4 Rd8 37. d5 exd5 38. Qxb4 Bf7 39. Re1 Qc2 40. Qb6
Rc8 41. Ra3 Qc7 42. Qb4 Qc4 43. Qb6 Qc6 44. Qd4 f5 45. Qh4 d4 46. Ra7 Qd5 47.
Qg5 d3 0-1

[Event "Pribina - TPK Cup   Mistrovství ÈR junio"]
[Site "Havlíèkùv Brod - hotel Slunce"]
[Date "2012.11.29"]
[Round "6.19"]
[White "Pospíšil, Martin"]
[Black "Navrátil, Marek"]
[Result "1-0"]
[WhiteElo "2007"]
[BlackElo "1861"]
[PlyCount "39"]
[EventDate "2012.11.25"]

1. d4 Nf6 2. Nf3 e6 3. g3 b6 4. Bg2 Bb7 5. O-O Be7 6. c4 d6 7. Nc3 Nbd7 8. d5
e5 9. e4 a5 10. Ne1 O-O 11. Nd3 Re8 12. f4 Bf8 13. g4 h6 14. g5 hxg5 15. fxg5
Nh7 16. Qf3 f6 17. g6 Ng5 18. Bxg5 fxg5 19. Qh5 Nf6 20. Rxf6 1-0